书目信息 |
| 题名: |
金融危机后的中国力量
|
|
| 作者: | 贾格拉底 著 | |
| 分册: | ||
| 出版信息: | 北京 中国社会出版社 2010 |
|
| 页数: | 249页 | |
| 开本: | 24cm | |
| 丛书名: | ||
| 单 册: | ||
| 中图分类: | F124 , F830.99 | |
| 科图分类: | ||
| 主题词: | 经济发展--研究--中国 , 金融危机--研究 , 经济发展 , 金融危机 | |
| 电子资源: | ||
| ISBN: | 978-7-5087-3069-1 | |
| 000 | 00908nam0 2200277 45 | |
| 001 | 1050908062 | |
| 005 | 20100415164940.12 | |
| 010 | @a978-7-5087-3069-1@dCNY32.00 | |
| 100 | @a20100409d2010 em y0chiy50 ea | |
| 101 | 0 | @achi |
| 102 | @aCN@b110000 | |
| 105 | @ay z 000yy | |
| 106 | @ar | |
| 200 | 1 | @a金融危机后的中国力量@AJin Rong Wei Ji Hou De Zhong Guo Li Liang@f贾格拉底著@FJia Ge La Di Zhu |
| 210 | @a北京@c中国社会出版社@d2010 | |
| 215 | @a249页@d24cm | |
| 330 | @a作者运用整体观考察的方法分析了此次金融危机后指出:西方文明走上了收益递减的后工业文明末路;而中华民族借助西方的科技理性走上了收益递增的民族复兴之路。 | |
| 606 | 0 | @a经济发展@x研究@y中国 |
| 606 | 0 | @a金融危机@x研究 |
| 606 | 0 | @a经济发展 |
| 606 | 0 | @a金融危机 |
| 690 | @aF124@v4 | |
| 690 | @aF830.99@v4 | |
| 701 | 0 | @a贾格拉底@AJia Ge La Di@4著 |
| 801 | 0 | @aCN@bTANGWEI@c20100415 |
| 905 | @b0591648-52@dF124@e145@f5 | |
| 金融危机后的中国力量/贾格拉底著.-北京:中国社会出版社,2010 |
| 249页;24cm |
| ISBN 978-7-5087-3069-1:CNY32.00 |
| 作者运用整体观考察的方法分析了此次金融危机后指出:西方文明走上了收益递减的后工业文明末路;而中华民族借助西方的科技理性走上了收益递增的民族复兴之路。 |
| ● |
| 相关链接 |
|
|
|
|
正题名:金融危机后的中国力量
索取号:F124/145
 
预约/预借
| 序号 | 登录号 | 条形码 | 馆藏地/架位号 | 状态 | 备注 |
| 1 | 0591648 | 205916482 | 第一样本阅览室/ [索取号:F124/145] | 在馆 | |
| 2 | 0591649 | 205916491 | 第一借阅区/ [索取号:F124/145] | 在馆 | |
| 3 | 0591650 | 205916507 | 第一借阅区/ [索取号:F124/145] | 在馆 | |
| 4 | 0591651 | 205916516 | 第一借阅区/ [索取号:F124/145] | 在馆 | |
| 5 | 0591652 | 205916525 | 第一借阅区/ [索取号:F124/145] | 在馆 |